<?xml version="1.0" encoding="UTF-8"?>
<record
    xmlns:xsi="http://www.w3.org/2001/XMLSchema-instance"
    xsi:schemaLocation="http://www.loc.gov/MARC21/slim http://www.loc.gov/standards/marcxml/schema/MARC21slim.xsd"
    xmlns="http://www.loc.gov/MARC21/slim">

  <leader>01421na  a2200337   4500</leader>
  <controlfield tag="001">23006</controlfield>
  <controlfield tag="003">MIRAKIL</controlfield>
  <controlfield tag="005">20181213155122.0</controlfield>
  <controlfield tag="008">170306b        tu            000 0      </controlfield>
  <datafield tag="040" ind1=" " ind2=" ">
    <subfield code="a">Milas</subfield>
    <subfield code="b">tur</subfield>
    <subfield code="c">TR-AnCHP</subfield>
  </datafield>
  <datafield tag="041" ind1=" " ind2=" ">
    <subfield code="a">tur</subfield>
  </datafield>
  <datafield tag="082" ind1=" " ind2=" ">
    <subfield code="a">CHP 324.956223</subfield>
    <subfield code="b">C36i  2009</subfield>
  </datafield>
  <datafield tag="090" ind1=" " ind2=" ">
    <subfield code="a">CHP 324.9561 S31 2009</subfield>
  </datafield>
  <datafield tag="091" ind1=" " ind2=" ">
    <subfield code="a">AR&#x15E;&#x130;V-Se&#xE7;imler-&#x130;l ve il&#xE7;eler</subfield>
  </datafield>
  <datafield tag="092" ind1=" " ind2=" ">
    <subfield code="a">AR&#x15E;&#x130;V-SE&#xC7;&#x130;M DE&#x11E;ERLEND&#x130;RMELER&#x130;</subfield>
  </datafield>
  <datafield tag="110" ind1=" " ind2=" ">
    <subfield code="a">Cumhuriyet Halk Partisi (CHP)</subfield>
    <subfield code="b">Bursa &#x130;l Ba&#x15F;kanl&#x131;&#x11F;&#x131;</subfield>
  </datafield>
  <datafield tag="245" ind1=" " ind2=" ">
    <subfield code="a">2009 yerel se&#xE7;im komisyonu raporu</subfield>
    <subfield code="c">CHP Bursa &#x130;l Ba&#x15F;kanl&#x131;&#x11F;&#x131; ; haz&#x131;rlayan &#x130;stikbal G&#xFC;ndo&#x11F;du</subfield>
  </datafield>
  <datafield tag="246" ind1=" " ind2=" ">
    <subfield code="a">2010 referandumu de&#x11F;erlendirme raporu</subfield>
  </datafield>
  <datafield tag="246" ind1=" " ind2=" ">
    <subfield code="a">CHP Bursa il&#xE7;e ba&#x15F;kanl&#x131;&#x11F;&#x131; 2009 yerel se&#xE7;imleri de&#x11F;erlendirme raporu</subfield>
  </datafield>
  <datafield tag="260" ind1=" " ind2=" ">
    <subfield code="a">Bursa</subfield>
    <subfield code="b">CHP Bursa &#x130;l Ba&#x15F;kanl&#x131;&#x11F;&#x131;</subfield>
    <subfield code="c">2009</subfield>
  </datafield>
  <datafield tag="300" ind1=" " ind2=" ">
    <subfield code="a">ykl&#x15F;. 60 s.</subfield>
    <subfield code="b">tbl.</subfield>
    <subfield code="c">30 sm.</subfield>
  </datafield>
  <datafield tag="610" ind1=" " ind2=" ">
    <subfield code="a">CHP</subfield>
    <subfield code="x">&#x130;l ve il&#xE7;e te&#x15F;kilatlar&#x131;</subfield>
    <subfield code="y">Komisyon raporlar&#x131;</subfield>
    <subfield code="z">Bursa</subfield>
  </datafield>
  <datafield tag="610" ind1=" " ind2=" ">
    <subfield code="a">CHP</subfield>
    <subfield code="b">Bursa &#x130;l Ba&#x15F;kanl&#x131;&#x11F;&#x131;</subfield>
    <subfield code="x">Se&#xE7;im sonu&#xE7;lar&#x131;</subfield>
    <subfield code="y">Yerel se&#xE7;imler, 2009</subfield>
    <subfield code="y">De&#x11F;erlendirmeler</subfield>
  </datafield>
  <datafield tag="650" ind1=" " ind2=" ">
    <subfield code="a">Se&#xE7;imler</subfield>
    <subfield code="x">De&#x11F;erlendirmeler</subfield>
    <subfield code="z">T&#xFC;rkiye</subfield>
  </datafield>
  <datafield tag="651" ind1=" " ind2=" ">
    <subfield code="a">T&#xFC;rkiye</subfield>
    <subfield code="x">Yerel se&#xE7;imler, 2009</subfield>
    <subfield code="y">De&#x11F;erlendirmeler</subfield>
  </datafield>
  <datafield tag="700" ind1=" " ind2=" ">
    <subfield code="a">G&#xFC;ndo&#x11F;du, &#x130;stikbal</subfield>
  </datafield>
  <datafield tag="740" ind1=" " ind2=" ">
    <subfield code="a">2009 Se&#xE7;im sonu&#xE7;lar&#x131;n&#x131;n de&#x11F;erlendirilmesi</subfield>
  </datafield>
  <datafield tag="740" ind1=" " ind2=" ">
    <subfield code="a">CHP Bursa il&#xE7;e ba&#x15F;kanl&#x131;&#x11F;&#x131; 2009 yerel se&#xE7;imleri de&#x11F;erlendirmesi</subfield>
  </datafield>
  <datafield tag="942" ind1=" " ind2=" ">
    <subfield code="2">ddc</subfield>
    <subfield code="c">BKS</subfield>
  </datafield>
  <datafield tag="952" ind1=" " ind2=" ">
    <subfield code="a">0001</subfield>
    <subfield code="b">0001</subfield>
    <subfield code="d">2017-03-06</subfield>
    <subfield code="e">2</subfield>
    <subfield code="l">0</subfield>
    <subfield code="o">CHP 324.9561 S31 2009</subfield>
    <subfield code="p">016952</subfield>
    <subfield code="r">2017-03-06 00:00:00</subfield>
    <subfield code="v">0.00</subfield>
    <subfield code="w">2017-03-06</subfield>
    <subfield code="y">BKS</subfield>
  </datafield>
  <datafield tag="999" ind1=" " ind2=" ">
    <subfield code="c">6883</subfield>
    <subfield code="d">6883</subfield>
  </datafield>
</record>
